| 000 | 00559nam a2200181Ia 4500 | ||
|---|---|---|---|
| 003 | GCL | ||
| 008 | 140319s9999 xx 000 0 ara d | ||
| 040 |
_aGCL / _cGCL |
||
| 082 | 0 | 4 |
_a650 _bس ا |
| 100 | 1 | _aسمير محمد يوسف | |
| 245 | 1 | 0 |
_aادارة المنظمات / _cسمير محمد يوسف |
| 260 |
_aالقاهرة : _bمؤسسة شباب الجامعة ، _c1980 |
||
| 300 |
_a439 ص ؛ _c22 سم |
||
| 650 | 0 | 4 | _aادارة الاعمال |
| 650 | 0 | 4 | _aالادارة |
| 650 | 0 | 4 | _aمصر - الادارة العامة |
| 942 |
_2ddc _cBK |
||
| 999 |
_c348 _d348 |
||